Normal view
MARC view
- Akash Kumar Bhoi, Sanjeevikumar Padmanaban
Entry Personal Name
001 - CONTROL NUMBER
- control field: 112465
003 - CONTROL NUMBER IDENTIFIER
- control field: NUST
005 - DATE AND TIME OF LATEST TRANSACTION
- control field: 20230519102846.0
008 - FIXED-LENGTH DATA ELEMENTS
- fixed length control field: 230519|| aca||aabn | a|a d
040 ## - CATALOGING SOURCE
- Original cataloging agency: NUST
- Transcribing agency: NUST
100 ## - HEADING--PERSONAL NAME
- Personal name: Akash Kumar Bhoi, Sanjeevikumar Padmanaban
670 ## - SOURCE DATA FOUND
- Source citation: Work cat.: (NUST): Priyadarshi, Neeraj 112464, Intelligent renewable energy systems :, 2022.
